01746pab a2200169 454500008004000000100001600040245013400056260000900190300001200199362000800211520115700219650002101376773004801397909001001445999001701455952010401472180718b2000 xxu||||| |||| 00| 0 eng d aJunor, Anne aParticipation, fragmentation and union response: the 1998-2000 act public sector bargaining round and the Workplace Relations Act c2000 ap.67-75 aDec aThe current Australian Capital Territory (ACT) public sector workplace bargaining round lasted more than two years with most agreements involving a trade-off between low wage outcomes and protection of job security within performance improvement measures. The main focus of this paper is on government and agency experiments with bargaining structures and processes. The first was a limited and largely unsuccessful attempt in 1998 and 1999 at participative agreement making without the involvement of the key unions. The second, a selective decentralisation of bargaining to parts of a single business, was more successful: of 50 agreements, over 40 have been achieved. The procedural success of the decentralisation strategy is a significant outcome. However, the fragmentation strategy contained internal contradictions and required strong centralised policy control of bargaining agendas and outcomes, leading to delays and breeding distrust. Unions conducted effective defensive campaigns against non-union agreements and involuntary redundancies, but face their own dilemmas in finalising this round and preparing for the next. - Reproduced aLabour relations aAustralian Journal of Public Administration a46982 c46982d46982 00104070aIIPAbIIPAd2018-07-19hVolume no: 59, Issue no: 4pAR47410r2018-07-19w2018-07-19yAR